Information systems programming with Java / (Record no. 6591)

MARC details
000 -LEADER
fixed length control field 01210cam a22002054a 4500
020 ## - INTERNATIONAL STANDARD BOOK NUMBER
ISBN 0131018604
022 ## - INTERNATIONAL STANDARD SERIAL NUMBER
ISSN 9780131018600
050 00 - CALL NUMBER
Classification number QA76.73.J38
Item number .S788
100 1# - AUTHOR
Personal name Staugaard, Andrew C.
245 10 - TITLE
Title Information systems programming with Java /
Statement of responsibility, etc Andrew C. Staugaard, Jr.
250 ## - EDITION
Edition statement 2nd ed.
260 ## - PUBLICATION INFORMATION
Place of publication Upper Saddle River, NJ :
Name of publisher Pearson/Prentice Hall,
Year of publication 2004.
300 ## - DESCRIPTION
Number of Pages xxiii, 783 p. :
Other physical details ill. ;
Dimensions 24 cm.
Accompanying material +1 CD-ROM (4 3/4 in.)
500 ## - NOTES
General note Includes index
505 ## - FORMATTED CONTENTS NOTE
Table of Content 1. Computers, programs, and Java --<br/>2. Problem solving --<br/>3. Working with data: Types, classes, objects, and I/O --<br/>4. Nuts and bolts: Basic stuff in Java --<br/>5. Making decisions --<br/>6. Repetition --<br/>7. Class behavior: Methods --<br/>8. Object-oriented programming: Part I --<br/>9. Object-oriented programming: Part II --<br/>10. One-dimensional arrays --<br/>11. Graphical user interfaces: GUIs Part I --<br/>12. Graphical user interfaces: GUIs Part II --<br/>13. Applets and graphics --<br/>14. File I/O and exception handling --<br/>15. Multidimensional arrays --
650 #0 - SUBJECTS
Topical Term Java (Computer program language)
650 #0 - SUBJECTS
Topical Term Object-oriented programming (Computer science)
650 #0 - SUBJECTS
Topical Term Management information systems.
942 ## - ADDED ENTRY ELEMENTS (KOHA)
Koha item type Books
Holdings
Withdrawn status Lost status Collection code Home library Current library Shelving location Date acquired Full call number Accession Number Koha item type
    Reference Methodist University Library Main Methodist University Library Main General Stacks   QA76.73.J38 .S788 37027 Books
Copyright © 2026  MUG Library